Statistics for Fallen Kingdom - Lyrics

Click here to take the quiz!

General Stats

  • This quiz has been taken 181 times
  • The average score is 32 of 44

Answer Stats

Answer% Correct
I used to rule the {world}
100%
Hide from the mobs I used to {slay}
97%
{Chunks} would load when I gave the word
92%
For a {hero} I was, that's what they'd say
90%
And that was when I ruled the {land}
86%
And that was when I ruled the {land}
86%
And that was when I ruled the {land}
86%
It was the {creepers} and skeletons
85%
Now every {night} I go stow away
84%
They once were {terrified}
81%
The blade that once forced {evil} {mobs} to yield
80%
The blade that once forced {evil} {mobs} to yield
80%
The blade that once forced {evil} {mobs} to yield
80%
I gaze off into the boundless {skyline}
77%
I gaze off into the boundless {skyline}
77%
I gaze off into the boundless {skyline}
77%
I know that {Herobrine} calls my name
77%
I know that {Herobrine} calls my name
77%
Turn 'round pick up my sword and {wield}
77%
Turn 'round pick up my sword and {wield}
77%
Turn 'round pick up my sword and {wield}
77%
I tried all that I could to stay and {fight}
76%
One {minute} we had it all
74%
{Arrowws} whizzing like streaks of light
72%
{Noteblock} choirs playing in the sunshine
72%
{Noteblock} choirs playing in the sunshine
72%
{Noteblock} choirs playing in the sunshine
72%
They all {cried} for my help, but I stood there numb
72%
{Every} {time} I looked into their eyes
70%
Villagers would cheer {my} {way}
69%
If this battle should leave me {slain}
65%
If this battle should leave me {slain}
65%
Oh, why is it that I {wasn't} dead
65%
Life itself suspended by a {thread}
64%
Never a {bow} in hand
64%
And {hope} one day this chaos and
60%
{Destruction} turns for the better
60%
Away from all that it had {once} {become}
57%
Next {our} {world} began to fall
57%
{Families} broken at my feet
56%
Blew down the doors and {boxed} us in
51%
{Better} to take a stand
49%
{Better} to take a stand
49%
As the {undead} roamed the street
47%

Score Distribution

Percentile by Number Answered

Percent of People with Each Score

Your Score History

You have not taken this quiz